00761nam a22001817a 4500003000900000005001700009007000300026008004100029020001800070040002600088100001900114245019000133260004800323300002200371500006500393501007500458700004600533DO-SdBNP20220531084024.0ta211116b2021 dr ||||| |||| 00| 0 spa d a9789945624120 aDO-SdBNPbspacBNPHU 1 aVargas, Aneury10a¿Qué haces aquí? : breflexiones sobre el propósito de vida, las decisiones y las relaciones de los jóvenes /cAneury Vargas Ramírez ; prólogo Gerardo Bautista Brazobán. aSanto Domingo :bFR Multiservicios, c2021. a256 p. ;c24 cm.  aIncluye datos biográficos del autor en la contracubierta.  aIncluye referencias bibliográficas y notas al pie de las páginas 1 aBautista Brazobán, Gerardo,eprólogo